000
00315nam a2200121Ia 4500
008
190216s9999||||xx |||||||||||||| ||und||
100
_a
Edwards Joseph
245
3
_a
An Elementary Treatise On The Differential Calculus
260
_b
Magmillan &co Ltd
_c
1896
300
_a
529p
650
_a
Mathematics
942
_c
BK
999
_c
30522
_d
30522